Statistics for Manchester United Players

Click here to take the quiz!

General Stats

  • This quiz has been taken 926 times
  • The average score is 21 of 29

Answer Stats

No.PositionNationAnswers% Correct
1GKSpainDavid De Gea
99%
10CFEnglandWayne Rooney
93%
11LMWalesRyan Giggs
92%
7RMEcuadorAntonio Valencia
91%
15CBSerbiaNemanja Vidic
91%
3LBFrancePatrice Evra
90%
5CBEnglandRio Ferdinand
88%
14CFMexicoJavier Hernandez
87%
17LMPortugalNani
86%
4CBEnglandPhil Jones
84%
2RBBrazilRafael Da Silva
84%
6CBNorthern IrelandJohnny Evans
82%
20CFNetherlandsRobin Van Persie
81%
8CMBrazilAnderson
79%
16CMEnglandMichael Carrick
79%
26CMJapanShinji Kagawa
79%
12CBEnglandChris Smalling
78%
24CMScotlandDarren Fletcher
70%
22CMEnglandPaul Scholes
70%
18LMEnglandAshley Young
65%
19CFEnglandDanny Welbeck
62%
13GKDenmarkAnders Lindegaard
56%
27CFItalyFederico Macheda
53%
28LBNetherlandsAlexander Buttner
52%
23CMEnglandTom Cleverley
50%
33CFPortugalBebe
45%
25CMEnglandNick Powell
29%
50GKEnglandSam Johnstone
29%
21CFChileAngelo Henriquez
28%

Score Distribution

Percentile by Number Answered

Percent of People with Each Score

Your Score History

You have not taken this quiz